| 000 | 00661nam a2200217 a 4500 | ||
|---|---|---|---|
| 005 | 20250620063846.0 | ||
| 008 | 081109s1998 mx r 000 0 spa d | ||
| 020 | _a9548443058 | ||
| 035 | _aUPN01000165975 | ||
| 049 | _aUNE | ||
| 080 | _a32 (4-11) =20 "1998" CEN. | ||
| 245 | 0 | 0 |
_aCentral and Eastern Europe : _bContinuing transformation / _cEdited by Nikolai Genov. |
| 260 |
_aSofia : _bRegional and Global Development, _c1998. |
||
| 300 |
_a317 p. ; _bil. |
||
| 690 |
_aCambio social _94887 |
||
| 690 |
_aDesempleo _915441 |
||
| 690 |
_aPolĂtica social _91450 |
||
| 690 | _aMercado de trabajo | ||
| 700 | 1 | _aFriedrich Ebert Stiftung | |
| 905 | _aUNESCO | ||
| 999 |
_c138087 _d138087 |
||